The princes of India, with a chapter on Nepal / (Record no. 22738)

MARC details
000 -LEADER
fixed length control field 00679cam a22002177a 4500
001 - CONTROL NUMBER
control field 2366123
003 - CONTROL NUMBER IDENTIFIER
control field BDDh-ASL
005 - DATE AND TIME OF LATEST TRANSACTION
control field 20231015030145.0
008 - FIXED-LENGTH DATA ELEMENTS--GENERAL INFORMATION
fixed length control field 910329s1983 ii a 000 0 eng
010 ## - LIBRARY OF CONGRESS CONTROL NUMBER
LC control number 83902721
040 ## - CATALOGING SOURCE
Original cataloging agency DLC
Transcribing agency DLC
Modifying agency DLC
-- OCoLC
-- BDDh-ASL
050 00 - LIBRARY OF CONGRESS CALL NUMBER
Classification number MLCM 91/04666 (D)
082 ## - DEWEY DECIMAL CLASSIFICATION NUMBER
Classification number 954
Item number BAP
100 1# - MAIN ENTRY--PERSONAL NAME
Personal name Barton, William,
Titles and words associated with a name Sir,
Dates associated with a name 1871-
245 14 - TITLE STATEMENT
Title The princes of India, with a chapter on Nepal /
Statement of responsibility, etc. Sir William Barton : with an introduction by Halifax.
260 ## - PUBLICATION, DISTRIBUTION, ETC.
Place of publication, distribution, etc. New Delhi :
Name of publisher, distributor, etc. Cosmo,
Date of publication, distribution, etc. 1983.
300 ## - PHYSICAL DESCRIPTION
Extent xvi, 327 p. :
Other physical details ill. :
Dimensions 23 cm.
906 ## - LOCAL DATA ELEMENT F, LDF (RLIN)
a 7
b cbc
c orignew
d u
e ncip
f 19
g y-gencatlg
942 ## - ADDED ENTRY ELEMENTS (KOHA)
Source of classification or shelving scheme Dewey Decimal Classification
Koha item type Books
Holdings
Withdrawn status Lost status Source of classification or shelving scheme Damaged status Not for loan Collection code Home library Current library Shelving location Date acquired Source of acquisition Total Checkouts Full call number Barcode Date last seen Copy number Price effective from Koha item type Public note
    Dewey Decimal Classification     Non-fiction Asiatic Society Library Asiatic Society Library General Stacks 03/04/2021 ASB Library Collections   954 BAP 107040 03/04/2021 C-1 03/04/2021 Books RARE

Powered by Koha